00406nam a2200157Ia 4500001000500000005001700005008004100022041000800063082001600071100003100087245007700118260000900195300002800204650000800232654000800240356520260306145652.0260306t2004||||xx |||||||||||||| ||spa|| aESP a289.5bS717 aSatre Garcia, JesúseAUT 0aRepensar el voluntariado social:bDesde la doctrina social de la iglesia c2004 a402 páginas :c21 cm. aGEN aCHU